000 01449nam a2200421Ii 4500
001 DIGVERBUM1092
003 NyNyDIG
006 m o d
007 cr |||||||||||
008 220325s2020 sp ob 000 0 spa d
035 _a(OCoLC)1319854138
040 _aDGITA
_beng
_erda
_epn
_cDGITA
020 _z9788413371221
041 1 _aspa
_heng
050 1 4 _aBJ1420 ebook
082 0 4 _a177.3
100 1 _aCatalán, Miguel,
_d1958-
_eauthor.
245 1 3 _aLa mentira nociva :
_bseudología XI /
_cMiguel Catalán González
264 1 _aMadrid :
_bEditorial Verbum,
_c[2020]
300 _a1 online resource.
336 _atext
_2rdacontent
337 _acomputer
_bc
_2rdamedia
338 _aonline resource
_bcr
_2rdacarrier
347 _atext file
_2rdaft
347 _bPDF
490 1 _aVerbum Menor
504 _aIncludes bibliographical references.
588 0 _aOnline resource; title from PDF title page (Digitalia, viewed March 25, 2022)
650 0 _aTruthfulness and falsehood.
655 0 _aElectronic books.
776 0 8 _iPrint version:
_aCatalán, Miguel, 1958-
_tMentira nociva.
_dMadrid : Editorial Verbum, [2020]
_z9788413371221
791 2 _aDigitalia (Firm),
_edistributor.
793 0 _gDigitalia eBook Collection:
_aVerbum
830 0 _aMenor (Editorial Verbum)
856 4 0 _3Digitalia Hispánica
_uhttps://www.digitaliapublishing.com/a/66046/
910 _aPremium Collection: 2022
942 _cRAA
999 _c261347
_d261347